| 000 | 00449nam a2200133Ia 4500 | ||
|---|---|---|---|
| 008 | 211109s9999||||xx |||||||||||||| ||und|| | ||
| 082 |
_a894.812 _bVIS.M |
||
| 100 | _aVishnu Namboodiri, M V | ||
| 245 | 0 | _aNaatoti Vijnaaneeyam | |
| 260 |
_bD c Books _aKottayam _c1996 |
||
| 630 | _xGeneral stack | ||
| 650 |
_aLiterature & rhetoric _vLiteratures of other languages _xAltaic, Uralic, Hyperborean & Dravidianmalayalam literature Malayalam |
||
| 942 | _cBOOK | ||
| 999 |
_c54117 _d54117 |
||